| 000 | 00572nam a2200193 a 4500 | ||
|---|---|---|---|
| 005 | 20140310183254.0 | ||
| 008 | 041022s19uu xx 00 eng d | ||
| 020 | _a0155085115 | ||
| 050 |
_aBF 77 _b.K855 2003 |
||
| 100 | _aKuther, Tara L. | ||
| 245 |
_aThe Psychology major's handbook / _cTara L. Kuther. |
||
| 260 |
_aCanada : _bThomson Wadsworth, _c2003. |
||
| 300 |
_a204 p. : _c23 cm. |
||
| 521 | _aPSYCH | ||
| 650 |
_aPsychology _xStudy and teaching (Higher Education). |
||
| 650 |
_aPsychology _xVocational guidance. |
||
| 942 |
_cBK _2lcc _kFOR |
||
| 999 |
_c20837 _d20837 |
||